Southville International School and Colleges
Your cart is empty.
  • Cart
  • Lists
    Public lists Eva Luna New books Lux_list list_1
    Your lists Log in to create your own lists
  • Log in to your account
  • Your cookies
  • Search history
Southville International School and Colleges
  • Advanced search
  • Recent comments
  • Most popular
  • Libraries

Log in to your account

Log in with GOOGLE


If you do not have an external account, but do have a local account, you can still log in:

  1. Home
  2. MARC view: What time is it? /
Normal view MARC view ISBD view

What time is it? / (Record no. 103271)

[ view plain ]
MARC details
000 -LEADER
fixed length control field 00485nam a2200169 a 4500
005 - DATE AND TIME OF LATEST TRANSACTION
control field 20140412111258.0
008 - FIXED-LENGTH DATA ELEMENTS--GENERAL INFORMATION
fixed length control field 001115s19uu xx 00 eng d
020 ## - INTERNATIONAL STANDARD BOOK NUMBER
International Standard Book Number 0-893-755109
050 ## - LIBRARY OF CONGRESS CALL NUMBER
Classification number ER
Item number Wh55 1981
100 ## - MAIN ENTRY--PERSONAL NAME
Personal name Grey Judith
245 ## - TITLE STATEMENT
Title What time is it? /
Statement of responsibility, etc Written by Judith Grey ; illustrated by Susan Hall.
260 ## - PUBLICATION, DISTRIBUTION, ETC. (IMPRINT)
Place of publication, distribution, etc Mahwah, N. J :
Name of publisher, distributor, etc Troll Ass,
Date of publication, distribution, etc 1981.
300 ## - PHYSICAL DESCRIPTION
Extent 1 v. (unp.) ; col.
650 ## - SUBJECT ADDED ENTRY--TOPICAL TERM
Topical term or geographic name as entry element Time -- Fiction
650 ## - SUBJECT ADDED ENTRY--TOPICAL TERM
Topical term or geographic name as entry element Play -- Fiction
Holdings
Withdrawn status Lost status Damaged status Use restrictions Home library Current library Shelving location Date acquired Source of acquisition Total Checkouts Full call number Barcode Date last seen Price effective from Koha item type
        Elizalde Library Elizalde Library Easy Reading Section 11/15/2000     ER Wh55 1981 E4237 04/12/2014 04/12/2014 Books

What time is it? /

APA

Grey Judith, . (1981). What time is it?. Mahwah, N. J: Troll Ass.

Chicago

Grey Judith, . 1981. What time is it?. Mahwah, N. J: Troll Ass.

Harvard

Grey Judith, . (1981). What time is it?. Mahwah, N. J: Troll Ass.

MLA

Grey Judith, . What time is it?. Mahwah, N. J: Troll Ass. 1981.

  • Place hold
  • Print
  • Cite
  • Add to your cart (remove)
  • Save record
    BIBTEX Dublin Core MARCXML MARC (non-Unicode/MARC-8) MARC (Unicode/UTF-8) MARC (Unicode/UTF-8, Standard) MODS (XML) RIS
  • More searches
    Search for this title in:
    Other Libraries (WorldCat) Other Databases (Google Scholar) Online Stores (Bookfinder.com) Open Library (openlibrary.org)

Exporting to Dublin Core...

SOUTHVILLE LIBRARY

Southville International School and Colleges Library

1281 Tropical Ave. Cor. Luxembourg St., BF Homes International, Las Pinas City

Tel. No. 8256374 / 252358 Loc. 117/146

Powered by Koha